| 000 | 01491cam a2200373 i 4500 | ||
|---|---|---|---|
| 999 |
_c63975 _d63975 |
||
| 001 | 3942071 | ||
| 003 | CO-MdFUSB | ||
| 005 | 20180622170022.0 | ||
| 008 | 930405t1993 kyu f b 001 0 eng | ||
| 010 | _a 93019480 | ||
| 020 | _a0664253849 (pbk. : alk. paper) | ||
| 040 |
_aDLC _cCO-MdFUSB _dCO-MdFUSB _bspa _erda |
||
| 041 | _aeng | ||
| 082 | 0 | 0 |
_224 _aG 261.55 _bP194t |
| 100 | 1 |
_aPannenberg, Wolfhart, _d1928-2014. _eautor |
|
| 245 | 1 | 0 |
_aToward a theology of nature _b: essays on science and faith _c/ Wolfhart Pannenberg ; editado por Ted Peters |
| 250 | _a1st ed. | ||
| 260 | _bWestminster/J. Knox Press, | ||
| 264 | 1 |
_aLouisville, Ky. : _bWestminster/ J. Knox Press, _c℗[1993] |
|
| 264 | 4 | _c©1993 | |
| 300 |
_ax, 166 páginas ; _c23 cm. _b: |
||
| 336 |
_2rdacontent _a1 _ba1 |
||
| 337 |
_2rdamedia _a2 _b5 |
||
| 338 |
_2rdacarrier _a2 _b5 |
||
| 501 | _aIncluye índice (p. 162- 166) | ||
| 505 | _aPreguntas teológicas a los científicos -- La doctrina de la creación y la ciencia moderna -- Dios y naturaleza -- Contingencia y ley natural -- La doctrina del espíritu y la tarea de una teología de la naturaleza -- Espíritu y energía -- Espíritu y mente | ||
| 650 | 7 |
_aReligión y ciencia _9259 |
|
| 650 | 7 |
_aCreación _9251 |
|
| 700 | 1 |
_aPeters, Ted, _d1941- _eeditor |
|
| 942 | _cBK | ||